书目信息 |
| 题名: |
现代国外经济学论文选
|
|
| 作者: | ;外国经济学说研究会 编 | |
| 分册: | 第六辑 | |
| 出版信息: | 北京 商务印书馆 1984 |
|
| 页数: | 203页 | |
| 开本: | 20cm | |
| 丛书名: | ||
| 单 册: | ||
| 中图分类: | F091.3-53 | |
| 科图分类: | ||
| 主题词: | 经济学--外国--文集 | |
| 电子资源: | ||
| ISBN: | ||
| 000 | 00625nam0 2200205 45 | |
| 001 | 0184000054 | |
| 005 | 20061025154045.29 | |
| 010 | @dCNY0.86 | |
| 100 | @a19960325d1984 em y0chiy0121 ea | |
| 101 | 0 | @achi |
| 102 | @aCN@b110000 | |
| 105 | @ay z 000yy | |
| 200 | 10 | @a现代国外经济学论文选@Axian dai guo wai jing ji xue lun wen xuan@h第六辑@f外国经济学说研究会编 |
| 210 | @a北京@c商务印书馆@d1984 | |
| 215 | @a203页@d20cm | |
| 606 | @a经济学@y外国@x文集 | |
| 690 | @aF091.3-53@v3 | |
| 711 | 02 | @a外国经济学说研究会@Awai guo jing ji xue shuo yan jiu hui@4编 |
| 801 | 0 | @aCN@bTSSF@c20061025 |
| 905 | @a10447@dF091.3-53@e18:6 | |
| 现代国外经济学论文选.第六辑/外国经济学说研究会编.-北京:商务印书馆,1984 |
| 203页;20cm |
| ISBN :CNY0.86 |
| ● |
| 相关链接 |
|
|
|
|
正题名:现代国外经济学论文选
索取号:F091.3-53/18:6
 
预约/预借
| 序号 | 登录号 | 条形码 | 馆藏地/架位号 | 状态 | 备注 |
| 1 | 0109858 | 000193463 | 第一样本阅览室/ [索取号:F091.3-53/18:6] | 在馆 |